Working with texts : (Record no. 4630)

MARC details
000 -LEADER
fixed length control field 00711nam a2200205 ar4500
001 - CONTROL NUMBER
control field 4632
005 - DATE AND TIME OF LATEST TRANSACTION
control field 20221127091009.0
008 - FIXED-LENGTH DATA ELEMENTS--GENERAL INFORMATION
fixed length control field 170220s xxk a 00110|eng d
020 ## - INTERNATIONAL STANDARD BOOK NUMBER
International Standard Book Number 0415234654(pbk)
082 04 - DEWEY DECIMAL CLASSIFICATION NUMBER
Classification number 420.141
Item number W892 2001
245 00 - TITLE STATEMENT
Title Working with texts :
Remainder of title a core introduction to language analysis /
Statement of responsibility, etc. Ronald Carter ...[et al.].
250 ## - EDITION STATEMENT
Edition statement 2nd edition.
260 ## - PUBLICATION, DISTRIBUTION, ETC.
Place of publication, distribution, etc. London ;
-- New York :
Name of publisher, distributor, etc. Routledge,
Date of publication, distribution, etc. 2001.
300 ## - PHYSICAL DESCRIPTION
Extent xviii, 342 p. :
Other physical details ill. ;
Dimensions 25 cm.
504 ## - BIBLIOGRAPHY, ETC. NOTE
Bibliography, etc. note Includes bibl. references and index.
508 ## - CREATION/PRODUCTION CREDITS NOTE
Creation/production credits note First published : 1997.
650 #4 - SUBJECT ADDED ENTRY--TOPICAL TERM
Topical term or geographic name entry element English language
Form subdivision Problems, exercises, etc.
650 #4 - SUBJECT ADDED ENTRY--TOPICAL TERM
Topical term or geographic name entry element Written communication
Form subdivision Problems, exercises, etc.
700 0# - ADDED ENTRY--PERSONAL NAME
Personal name Carter, Ronald.
Holdings
Withdrawn status Lost status Source of classification or shelving scheme Damaged status Not for loan Home library Current library Date acquired Total Checkouts Full call number Barcode Date last seen Copy number Price effective from Koha item type
          CENTRAL CENTRAL 11/27/2022   420.141 W892 2001 1000000014485 11/27/2022 C1 11/27/2022 Book